000 00464nam a2200193Ia 4500
008 210210b1925 xxu||||| |||| 00| 0 eng d
041 _aeng
082 _a940/244
100 _aWEBSTER (C K)
245 _aForeign policy of castlereach 1815-1822
260 _aLondon
_bG Bell & Sons Ltd.
_c1925
650 _apolicy
650 _aof
650 _aForeign
650 _acastlereach
650 _a1815-1822
690 _aEuropean History
906 _a025310
999 _c151177
_d151177